TV Show by Ex-Husband Quiz Stats

 Plays Quiz Updated May 20, 2018

Score 0/20 Timer 05:00
1 Play Today
% Correct
Ross Geller
97.7%
Frasier Crane
91.3%
Mr. Big
90.4%
Henry VIII
85.7%
Don Draper
85.5%
Bobby Ewing
84.8%
Larry David
82.6%
Blake Carrington
69.4%
Kirk Van Houten
59.5%
Stan Zbornak
58.5%
% Correct
Lucious Lyon
51.2%
Steve Rhoades
47%
John Bates
45.5%
Leo Markus
37.9%
Maura Pfefferman
32.2%
Andrew Meyer
29.9%
Michael Mancini
29.7%
Joe Gerard
29.6%
Richard Campbell Sr.
27.4%
Jimmy Kelly
27.3%

You're not logged in!

Compare scores with friends on all Sporcle quizzes.
OR
Log In

Sporcle TV

Today on Sporcle TV


Watch our educational content, quiz creation guides, and fun videos on Sporcle TV.

Show Comments

Extras

Top Quizzes Today


Score Distribution

Your Account Isn't Verified!

In order to create a playlist on Sporcle, you need to verify the email address you used during registration. Go to your Sporcle Settings to finish the process.

Report this User

Report this user for behavior that violates our Community Guidelines.

Details: